000 00464nam a2200181Ia 4500
008 151202s9999||||xx |||||||||||||| ||und||
082 _bPNVM-3374
100 _aआपटे ह.ना.
245 _aसूर्योदय.
260 _b---
260 _c0
300 _a0
600 _aआपटे ह.ना.
630 _aसूर्योदय.
700 _aआपटे ह.ना.
730 _aसूर्योदय.
942 _cBOOK
999 _c1269372
_d1269369